00367 2200157 4500245003200000020001800032250001700050100001400067650001500081005001900096260003400115041001400149084001000163300002700173336000900200 aPerpajakancMardiasmohText a979-533-083-7 aEd. 2 Cet. 2 aMardiasmo aPerpajakan a20240301142743 aYogyakartabAndi Offsetc1994 aIndonesia a336.2 aix, 323 hlm. :c23 cm. atext